00568nam a2200157 a 450000100100000000500170001000800410002704000250006808200080009310000260010124000440012724501030017126000700027430000320034470000340037600003981920201002033743.0130723s1966 mx d 000 0 spa d aDO-SdBNPbspacBNPHU axxx1 aHeilbroner, Robert L.10aUnderstanting macroeconomicslespañol10aComprensión de la macroeconomía /cRobert L. Heilbroner ; traducción Ruben Pimentel Rogerio. aMéxico :bUnion tipografica editorial HispanoA mericana,c1966. a228 p. :bdiagrs. ;c23 cm.1 aPimentel Rogerio, Ruben,etr.